SCRAPの店舗穴埋め - Statistics

General Stats
  • This quiz has been taken 9 times
  • The average score is 10 of 16
Answer Stats
Answer % Correct
リアル脱出ゲーム CROSSING {渋谷}店
100%
リアル脱出ゲーム{原宿}店
88%
リアル脱出ゲーム{名古屋}店
88%
リアル脱出ゲーム{札幌}店
75%
リアル脱出ゲーム{仙台}店
75%
リアル脱出ゲーム{横浜}店
75%
リアル脱出ゲーム{京都}店
75%
リアル脱出ゲーム{福岡}店
75%
東京{ミステリーサーカス}
63%
リアル脱出ゲーム{池袋}店
63%
リアル脱出ゲーム{岡山}店
63%
リアル脱出ゲームCROSSING {浅草}店
63%
リアル脱出ゲーム{吉祥寺}店
50%
リアル脱出ゲーム大阪{心斎橋}店
13%
リアル脱出ゲーム大阪{恵美須町}店
0%
リアル脱出ゲーム大阪{南堀江}店
0%
No matching quizzes found
Score Distribution
Percent of People with Each Score
Percentile by Number Answered
Your Score History
You have not taken this quiz